| 000 | 00944nas a2200289 4500 | ||
|---|---|---|---|
| 001 | BR2011003534 | ||
| 003 | BR-BrBNA | ||
| 005 | 20231205115017.0 | ||
| 007 | ta | ||
| 008 | 230509b bl.|||p| |||| 00| 00por d | ||
| 040 |
_aBR-BrBNA _bpor _cBiblioteca Nacional de Agricultura |
||
| 041 | _a(Pt) | ||
| 072 | _aL70 | ||
| 100 | 1 | _aGonçalves, R.C. | |
| 100 | 1 | _aMassone, F. | |
| 100 | 1 | _aMatsubara, L.M. | |
| 245 | 1 | _aEstudo comparativo entre a acepromazina, clorpromazina e levomepromazina em diferentes doses, através do exame bispectral, termo e pressoalgimetria, em cães | |
| 650 | _aCÃO | ||
| 650 | _aANÁLISE COMPARATIVA | ||
| 650 | _aMEDICAMENTO | ||
| 650 | _aEFEITO COLATERAL | ||
| 650 | _aFARMACOLOGIA | ||
| 650 | _aANESTÉSICO | ||
| 773 | 0 |
_tSemina- Ciências Agrárias (Brazil) _xISSN 1676-546X _g(Oct-Dec 2009), v. 30(4) p. 921-930 _wBR2011003534 |
|
| 909 |
_a202311 _bLúcia _c55 _dLúcia Elande |
||
| 942 |
_2AGRIS _n0 _cANA |
||
| 999 |
_c211647 _d211647 |
||